Demografické trendy a trendy v sociálnom zabezpečení

Sociálne zabezpečenie je jedným z najdôležitejších nástrojov sociálnej politiky štátu, prostredníctvom ktorého je zabezpečovaná sociálna stabilita, rovnováha a bezpečnosť občanov. Vplyv demografických trendov na sociálne poistenie, sociálnu podporu i sociálnu pomoc.

Gespeichert in:
Bibliographische Detailangaben
1. Verfasser: Matiová, Danka
Format: Buchkapitel
Sprache:Slowakisch
Schlagworte:
Tags: Tag hinzufügen
Keine Tags, Fügen Sie das erste Tag hinzu!

MARC

LEADER 00000nla a2200000 4500
001 0184420
005 20221020090149.9
041 0 |a slo 
044 |a SK 
245 1 0 |a Demografické trendy a trendy v sociálnom zabezpečení  |c Danka Matiová 
520 |a Sociálne zabezpečenie je jedným z najdôležitejších nástrojov sociálnej politiky štátu, prostredníctvom ktorého je zabezpečovaná sociálna stabilita, rovnováha a bezpečnosť občanov. Vplyv demografických trendov na sociálne poistenie, sociálnu podporu i sociálnu pomoc. 
610 2 0 |a demografia 
610 2 0 |a demografia sociálna 
610 2 0 |a bilancia populačná 
610 2 0 |a prognózy demografické 
610 2 0 |a skupiny vekové 
610 2 0 |a ukazovatele demografické 
610 2 0 |a poistenie sociálne 
100 1 |a Matiová, Danka